Statistics for 2023 NFL 1000-Yard Receivers

Click here to take the quiz!

General Stats

  • This quiz has been taken 144 times
  • The average score is 21 of 28

Answer Stats

YardsPlayer% Correct
1799Tyreek Hill
99%
1456A.J. Brown
94%
1515Amon-Ra St. Brown
94%
1749CeeDee Lamb
93%
1074Justin Jefferson
86%
1486Puka Nacua
86%
1066DeVonta Smith
83%
1255Mike Evans
81%
1216Ja'Marr Chase
78%
1014Jaylen Waddle
78%
1144Davante Adams
77%
1250Amari Cooper
76%
1342Brandon Aiyuk
76%
1243Keenan Allen
73%
1183Stefon Diggs
72%
1364DJ Moore
70%
1297Nico Collins
70%
1002Terry McLaurin
70%
1042Garrett Wilson
68%
1057DeAndre Hopkins
66%
1114DK Metcalf
66%
1016Calvin Ridley
64%
1140George Pickens
64%
1123Chris Olave
60%
1152Michael Pittman
59%
1014Adam Thielen
58%
1024Chris Godwin
57%
1020George Kittle
51%

Score Distribution

Percentile by Number Answered

Percent of People with Each Score

Your Score History

You have not taken this quiz